El desarrollo desde el punto de vista interdisciplinario (Registro nro. 24404)
[ vista simple ]
| 000 -LEADER | |
|---|---|
| fixed length control field | 00384 a2200121 4500 |
| 001 - CONTROL NUMBER | |
| control field | ART_8725 |
| 005 - DATE AND TIME OF LATEST TRANSACTION | |
| control field | 20260410161844.0 |
| 008 - FIXED-LENGTH DATA ELEMENTS--GENERAL INFORMATION | |
| fixed length control field | 260409a |
| 100 1# - MAIN ENTRY--PERSONAL NAME | |
| Personal name | Furtado, Celso |
| 245 10 - TITLE STATEMENT | |
| Title | El desarrollo desde el punto de vista interdisciplinario |
| 700 1# - ADDED ENTRY--PERSONAL NAME | |
| Personal name | Salazar, Graciela |
| 773 0# - HOST ITEM ENTRY | |
| Title | El trimestre económico |
| Related parts | - Vol. XLVI, Nº 181 (ene./mar. 1979) |
| Record control number | REV6933 |
No hay ítems disponibles.